000 00313nam a22001337a 4500
008 171006b xxu||||| |||| 00| 0 eng d
020 _a9780072887679
041 _aeng
080 _26TH
_a 159.9
100 _a49
101 _aPSI
245 _aPSYCHOLOGICAL TESTING AND ASSESSMENT
_cCOHEN,R.J
942 _2udc
_cBK
999 _c32405
_d32405